| 000 | 00468nam a2200181Ia 4500 | ||
|---|---|---|---|
| 005 | 20250508151852.0 | ||
| 008 | 008 250505s9999 xx 000 0 rus d | ||
| 037 | _aBooks to be hide in OPAC | ||
| 040 |
_aFEDL _beng _cFEDL |
||
| 041 |
_arus _2eng |
||
| 084 |
_a372, RUS/O _qFEDL |
||
| 100 |
_aEfimob A M _9760212 |
||
| 245 | 0 | _aModern history: Class 8th | |
| 260 | _c1956 | ||
| 300 | _a191p. | ||
| 942 |
_cHB _h372, RUS/O |
||
| 999 |
_c1332604 _d1332604 |
||